| 000 | 00856nam a2200253 a 4500 | ||
|---|---|---|---|
| 001 | BRCA_1474 | ||
| 005 | 20190320203438.0 | ||
| 008 | 181105s1996----u--a######---#000-0#eng-d | ||
| 020 | _a0226550966 | ||
| 020 | _a0226550974 | ||
| 041 | _aeng | ||
| 044 | _au | ||
| 050 | 4 |
_aGA481 _b.M86 1996 |
|
| 100 | 1 |
_aMundy, Barbara E. _94821 |
|
| 245 | 1 | 0 |
_aThe Mapping of New Spain _bIndigenous Cartography and the Maps of the Relaciones Geográficas _cBarbara E. Mundy. |
| 260 |
_aChicago : Londres _bThe University of Chicago Press _c1996 |
||
| 300 |
_axxiii, 281 p. _bil. _c24 cm. |
||
| 500 | _aIncluye índice general | ||
| 504 | _aBibliografía: p. 247-267 | ||
| 650 | 1 | 4 |
_aCartografía _xHistoria _zMéxico _9760 |
| 650 | 1 | 4 |
_aCartografía _xHistoria _zNueva España _94822 |
| 650 | 1 | 4 |
_aCartografía de la india _xHistoria _zNueva España _94823 |
| 942 |
_2lcc _cB |
||
| 999 |
_c1336 _d1336 |
||